01158 a2200217 450000100060000002000180000602000130002404000140003704100080005108200100005910000220006925000110009149000190010252006330012152100070075485600240076124500710078526000320085630000210088870000310090974672 a9788535633108 q(Broch.) dBR-BrIDEA apor a028.5 aPonte, Lena Jesus a1. ed. aCavalo marinho aTendo surgido no Japão há séculos, o haicai é o menor poema do mundo, com apenas três versos; há quem diga já ter visto um haicai escrito num grão de arroz; além de ser uma das formas mais antigas de poesia, o haicai não tem título nem precisa necessariamente ter rima; nesta obra, com um ABC dos bichos, a autora constrói haicais ora sobre características físicas dos animais, ora em similaridade poética com as coisas do mundo e dos homens; no final do livro, há um capítulo didático, que ensina a criança leitora sobre os haicais e estimula que escreva seus próprios textos poéticos. aIK u000027/00002753.jpg10aArca de haicais cLena Jesus Ponte; ilustrações Marcia Misawa aSão PaulobPaulinasc2012 a32 p.bil. color aMisawa, Marciaeilustrador